000
00220 a2200097 4500
001
15105
100
_a
Long M
245
_a
Handbook for geog teachers
260
_a
London
_b
Enge long B society
_c
090
_c
11856
_d
11856
942
_a
NUST-CAE
_c
M
_c
2065
999
_c
250178
_d
250178